<?xml version="1.0" encoding="UTF-8"?><?xml-stylesheet type="text/xsl" href="static/style.xsl"?><OAI-PMH xmlns="http://www.openarchives.org/OAI/2.0/" xmlns:xsi="http://www.w3.org/2001/XMLSchema-instance" xsi:schemaLocation="http://www.openarchives.org/OAI/2.0/ http://www.openarchives.org/OAI/2.0/OAI-PMH.xsd"><responseDate>2026-04-29T12:24:03Z</responseDate><request verb="GetRecord" identifier="oai:repisalud.isciii.es:20.500.12105/23337" metadataPrefix="marc">https://repisalud.isciii.es/rest/oai/request</request><GetRecord><record><header><identifier>oai:repisalud.isciii.es:20.500.12105/23337</identifier><datestamp>2024-09-18T06:45:03Z</datestamp><setSpec>com_20.500.12105_15322</setSpec><setSpec>com_20.500.12105_2051</setSpec><setSpec>col_20.500.12105_16967</setSpec></header><metadata><record xmlns="http://www.loc.gov/MARC21/slim" xmlns:dcterms="http://purl.org/dc/terms/" xmlns:doc="http://www.lyncode.com/xoai" xmlns:xsi="http://www.w3.org/2001/XMLSchema-instance" xsi:schemaLocation="http://www.loc.gov/MARC21/slim http://www.loc.gov/standards/marcxml/schema/MARC21slim.xsd">
   <leader>00925njm 22002777a 4500</leader>
   <datafield ind2=" " ind1=" " tag="042">
      <subfield code="a">dc</subfield>
   </datafield>
   <datafield ind2=" " ind1=" " tag="720">
      <subfield code="a">Febrer-Serra, Maria</subfield>
      <subfield code="e">author</subfield>
   </datafield>
   <datafield ind2=" " ind1=" " tag="720">
      <subfield code="a">Lassnig, Nil</subfield>
      <subfield code="e">author</subfield>
   </datafield>
   <datafield ind2=" " ind1=" " tag="720">
      <subfield code="a">Perello, Esperanca</subfield>
      <subfield code="e">author</subfield>
   </datafield>
   <datafield ind2=" " ind1=" " tag="720">
      <subfield code="a">Colomar, Victor</subfield>
      <subfield code="e">author</subfield>
   </datafield>
   <datafield ind2=" " ind1=" " tag="720">
      <subfield code="a">Pico, Gabriela</subfield>
      <subfield code="e">author</subfield>
   </datafield>
   <datafield ind2=" " ind1=" " tag="720">
      <subfield code="a">Aguilo-Zuzama, Aina</subfield>
      <subfield code="e">author</subfield>
   </datafield>
   <datafield ind2=" " ind1=" " tag="720">
      <subfield code="a">Sureda Gomila, Antoni</subfield>
      <subfield code="e">author</subfield>
   </datafield>
   <datafield ind2=" " ind1=" " tag="720">
      <subfield code="a">Pinya, Samuel</subfield>
      <subfield code="e">author</subfield>
   </datafield>
   <datafield ind2=" " ind1=" " tag="260">
      <subfield code="c">2021-03</subfield>
   </datafield>
   <datafield ind2=" " ind1=" " tag="520">
      <subfield code="a">Over the last decade, three alien snake species have been reported in three of the main islands of the Balearic Archipelago (Spain): Mallorca, Ibiza and Formentera. These introductions are considered a threat to the native biota and are associated with the nursery trade from the Iberian Peninsula. The Montpellier snake Alalpolon monspessulanus (Hermann, 1809) was first reported in Mallorca in 2006. Since then, a significant number of observations and captures of this species have been reported around the natural park of s' Albufera de Mallorca. Most of these captures correspond to adult specimens, and the snout-vent length (SVL) values of the entire population ranged from 31.5 to 137.0 cm (n = 69). The observed operative sex ratio was 1.00:1.56 (males:females) and adult males reached larger sizes than adult females. In terms of reproductive biology, five adult females presented oviductal eggs. Finally, skeletal growth marks in the ectopteiygoid bone were analyzed, giving results of age from 1 to 20 years old. The significant number of observations, the great sizes and ages reached by some individuals and the detection of gravid females could indicate that the population is well established, fully naturalized and threatening insular ecosystems. This naturalized population is the only insular population of M. monspessulanus located in the western Mediterranean. The proximity of the invasion event to sites of environmental relevance such as those included at Natura 2000 network and Ramsar wetland promotes the idea of assessing the impact of this alien species on native biodiversity. There is an urgent need of carrying out future control actions and implementing biosecurity measures in order to prevent new arrivals of this and other alien species into the Balearic Islands.</subfield>
   </datafield>
   <datafield ind1="8" ind2=" " tag="024">
      <subfield code="a">Febrer-Serra M, Lassnig N, Perello E, Colomar V, Pico G, Aguilo-Zuzama A, et al. Invasion of Montpellier snake Malpolon monspessulanus (Hermann, 1809) on Mallorca: new threat to insular ecosystems in an internationally protected area. Bioinvasions Rec. 2021 Mar;10(1):210-9.</subfield>
   </datafield>
   <datafield ind1="8" ind2=" " tag="024">
      <subfield code="a">10.3391/bir.2021.10.1.22</subfield>
   </datafield>
   <datafield ind1="8" ind2=" " tag="024">
      <subfield code="a">2242-1300</subfield>
   </datafield>
   <datafield ind1="8" ind2=" " tag="024">
      <subfield code="a">Bioinvasions Records</subfield>
   </datafield>
   <datafield ind1="8" ind2=" " tag="024">
      <subfield code="a">https://hdl.handle.net/20.500.13003/19660</subfield>
   </datafield>
   <datafield ind1="8" ind2=" " tag="024">
      <subfield code="a">2-s2.0-85101510676</subfield>
   </datafield>
   <datafield ind1="8" ind2=" " tag="024">
      <subfield code="a">https://hdl.handle.net/20.500.12105/23337</subfield>
   </datafield>
   <datafield ind1="8" ind2=" " tag="024">
      <subfield code="a">612723800022</subfield>
   </datafield>
   <datafield tag="653" ind2=" " ind1=" ">
      <subfield code="a">Invasive snake species</subfield>
   </datafield>
   <datafield tag="653" ind2=" " ind1=" ">
      <subfield code="a">Balearic Islands</subfield>
   </datafield>
   <datafield tag="653" ind2=" " ind1=" ">
      <subfield code="a">Invasion episode</subfield>
   </datafield>
   <datafield tag="653" ind2=" " ind1=" ">
      <subfield code="a">Insular ecosystem</subfield>
   </datafield>
   <datafield tag="653" ind2=" " ind1=" ">
      <subfield code="a">Nature 2000 network</subfield>
   </datafield>
   <datafield tag="653" ind2=" " ind1=" ">
      <subfield code="a">RAMSAR wetland</subfield>
   </datafield>
   <datafield ind2="0" ind1="0" tag="245">
      <subfield code="a">Invasion of Montpellier snake Malpolon monspessulanus (Hermann, 1809) on Mallorca: new threat to insular ecosystems in an internationally protected area</subfield>
   </datafield>
</record></metadata></record></GetRecord></OAI-PMH>